000 00997nam a2200265Ia 4500
003 OSt
005 20221005110953.0
006 a|||||r|||| 00| 0
007 ta
008 221004b |||||||| |||| 00| 0 hin d
020 _a9788183613835 (hbk)
_c200
024 _a21338
037 _bBR8404, 21/03/2015, Rajkamal Prakashan Pvt. Ltd.
_cTextual
040 _aCRL
_cCRL
_bhin
041 _2hin
_ahin
082 _aO152,3N623,AM, Q0
100 _aमाधव, नीरजा
245 0 _aअवर्ण महिला कांस्टेबल की डायरी
246 _aAvarṇa mahilā kāansṭebal kī ḍāyarī
260 _aनई दिल्ली
_bराधाकृष्ण भारत
_c2010
300 _a135पृ0
_ccm.
650 _aहिन्दी साहित्य
942 _hO152,3N623,AM, Q0
_cTEXL
_2cc
999 _c1020421
_d1020421